Countries John Kerry has visited - Statistics

General Stats
  • This quiz has been taken 58 times
  • The average score is 67 of 88
Answer Stats
Continent Country % Correct
North America Canada
94%
Oceania Australia
90%
South America Brazil
90%
Europe France
90%
Asia/ Europe Russia
90%
Europe United Kingdom
90%
South America Argentina
87%
South America Chile
87%
Asia China
87%
South America Colombia
87%
North America Dominican Republic
87%
Asia India
87%
Europe Ireland
87%
Asia Japan
87%
Oceania New Zealand
87%
Europe Sweden
87%
Europe Austria
84%
Asia Bahrain
84%
Europe Belgium
84%
Europe Greece
84%
Asia Indonesia
84%
Asia Israel
84%
Asia Jordan
84%
North America Mexico
84%
Europe Norway
84%
Asia South Korea
84%
Asia/ Europe Turkey
84%
Asia Vietnam
84%
Asia Afghanistan
81%
Africa Algeria
81%
Africa Ethiopia
81%
Europe Germany
81%
Asia Iraq
81%
Asia Qatar
81%
Asia Saudi Arabia
81%
Europe Spain
81%
Asia United Arab Emirates
81%
Asia Uzbekistan
81%
Asia Bangladesh
77%
North America Cuba
77%
Africa Egypt
77%
North America Guatemala
77%
Europe Italy
77%
Asia Kuwait
77%
Asia Malaysia
77%
Africa Morocco
77%
Asia Oman
77%
Europe Switzerland
77%
Europe the Netherlands
77%
Asia the Philippines
77%
Africa Angola
74%
Asia Brunei
74%
Asia Cambodia
74%
Asia Kazakhstan
74%
Africa Kenya
74%
Asia Laos
74%
Asia Pakistan
74%
North America Panama
74%
South America Peru
74%
Europe Poland
74%
Asia Turkmenistan
74%
Europe Ukraine
74%
Europe Albania
71%
Europe Bulgaria
71%
North America Haiti
71%
Europe Kosovo
71%
Asia Kyrgyzstan
71%
Africa Nigeria
71%
Europe Serbia
71%
Europe Vatican City
71%
Asia Lebanon
68%
Europe Lithuania
68%
Europe Luxembourg
68%
Asia Singapore
68%
Africa Democratic Republic of the Congo
65%
Asia Tajikistan
65%
Africa Tunisia
65%
Asia Mongolia
61%
Asia Myanmar
61%
Europe Cyprus
58%
Africa Djibouti
58%
Africa Rwanda
58%
Oceania Solomon Islands
58%
Asia Sri Lanka
58%
Europe Moldova
55%
Africa Somalia
55%
Asia Palestine
48%
Africa South Sudan
45%
No matching quizzes found
Score Distribution
Percent of People with Each Score
Percentile by Number Answered
Your Score History
You have not taken this quiz